00461cam a2200181ua 450000100040000000500170000400800390002102000180006004000090007808200110008724500450009825000090014326000440015230000220019665300230021865300200024170000180026148320260515113154.0110406n ii |||gr||||Z||||||eng a81-259-1682-2 cMAIN a327.54 aForeign policy of India.cBy V N Khanna. a5th. aNew Delhi.:bVikash publishing.,c2005. avii, 368 p.:5 cm. aPolitical science. aForeign policy.1 aKhanna, V N.,